LEADER 01588nam0 22003973i 450 001 NAP0405325 005 20251003044249.0 010 $a0133281051 100 $a20080505d1993 ||||0itac50 ba 101 | $aeng 102 $aus 181 1$6z01$ai $bxxxe 182 1$6z01$an 200 1 $aProgramming on purpose 2.$eessays on software people$fP. J. Plauger 210 $aEnglewood Cliffs (NJ)$cPrentice Hall$dc1993 215 $aVIII, 204 p.$d23 cm 300 $aBibliografia: P.195-196. 517 1 $aProgramming on purpose two.$9NAP0405328 606 $aElaboratori elettronici$xProgrammazione$2FIR$3CFIC000860$9E 606 $aElaboratori elettronici$xProgrammi$xSviluppo$2FIR$3CFIC084013$9I 676 $a005.1$9PROGRAMMAZIONE$v14 676 $a005.12$9ANALISI E PROGETTAZIONE DEI SISTEMI SOFTWARE$v22 696 $aProgrammi didattici$aProgrammi scolastici$aPiani di lavoro 699 $aProgrammi$yProgrammi didattici 699 $aProgrammi$yProgrammi scolastici 699 $aProgrammi$zPiani di lavoro 700 1$aPlauger$b, Phillip James$f <1944- >$3NAPV106148$4070$021760 790 1$aPlauger$b, P. J.$3NAPV106158$zPlauger, Phillip James <1944- > 801 3$aIT$bIT-000000$c20080505 850 $aIT-BN0095 901 $bNAP 01$cSALA DING $n$ 912 $aNAP0405325 950 0$aBiblioteca Centralizzata di Ateneo$b1 v.$c1 v.$d 01SALA DING 005.1 PLA.pr2$e 0102 0000014275 VMA A4 1 v.$fY $h20080505$i20080505 977 $a 01 996 $aProgramming on purpose 2$91573019 997 $aUNISANNIO